Animal migration, navigation, and homing

Gespeichert in:
Bibliographische Detailangaben
Hauptverfasser: Schmidt Koenig, Klaus (VerfasserIn), Keeton, William T (VerfasserIn)
Format: Buch
Sprache:Englisch
Veröffentlicht: Berlín Springer-Verlag 1978
Schriftenreihe:Proceedings in life sciences
Schlagworte:
Tags: Tag hinzufügen
Keine Tags, Fügen Sie den ersten Tag hinzu!

MARC

LEADER 00000nam a2200000 a 4500
001 UCY2667
003 CL-VaPUC
005 20200123181741.0
008 941110e19780000gw 1 eng d
082 0 4 |a 591.51  |b SCH  |2 21 
100 1 |a Schmidt Koenig, Klaus  |e author  |9 617108 
700 1 |a Keeton, William T  |e author  |9 617109 
245 1 0 |a Animal migration, navigation, and homing 
260 |a Berlín  |b Springer-Verlag  |c 1978 
300 |a 462 p 
490 0 |a Proceedings in life sciences 
583 |a last modification  |c 19941110 00:00:00  |k Rodrigo Vera 
650 0 7 |a MIGRACION DE ANIMALES  |2 CL-VaPUC  |9 617110 
650 0 7 |a NAVEGACION DE ANIMALES  |2 CL-VaPUC  |9 617111 
650 0 7 |a ORIENTACION ANIMAL  |2 CL-VaPUC  |9 617112 
942 |c BK 
945 |a mfernand  |d 19941110 00:00:00 
546 |a En Inglés 
518 |p Symposium on animal migration, navigation, and homing, Tubingen, Germany, 1977 
999 |c 382309  |d 382307 
952 |0 0  |1 0  |2 ddc  |4 0  |6 591_510000000000000_SCH_1978  |7 0  |8 CCM  |9 503927  |a BIBCUR  |b BIBCUR  |c PAC  |d 2020-01-23  |i 3032728  |o 591.51 SCH 1978  |p 3032728  |r 2025-04-22  |w 2020-01-23  |y BK  |k CIM